La antijuricidad en el Derecho Penal: estudio sobre las normas permisivas y la legítima defensa

Guardat en:
Dades bibliogràfiques
Autors principals: Pawlik, Michael (autor), Kindhauser, Urs (Autor)
Altres autors: Wilenmann, Javier (Editor), Mañalich Raffo, Juan Pablo (autor)
Format: Llibre
Idioma:espanyol
Publicat: Montevideo B de F 2013
Col·lecció:Estudios y Debates en Derecho Penal
Matèries:
Etiquetes: Afegir etiqueta
Sense etiquetes, Sigues el primer a etiquetar aquest registre!

MARC

LEADER 00000cam a2200000 a 4500
001 UCF9270
003 CL-VaPUC
008 131111e20130000uy |||||||||||||||||spa|d
020 |a 9789974708198 
082 0 4 |a 345.05044  |b PAW  |2 21 
100 |a Pawlik, Michael  |e autor  |9 602670 
700 |a Kindhauser, Urs  |e author  |9 571551 
700 |a Wilenmann, Javier  |e editor  |9 571552 
700 |a Mañalich Raffo, Juan Pablo  |e autor  |9 795628 
245 1 3 |a La antijuricidad en el Derecho Penal: estudio sobre las normas permisivas y la legítima defensa 
300 |a 283p 
942 |c BK 
945 |d 20131111 15:03:00  |a dcastane 
260 |a Montevideo  |b B de F  |c 2013 
650 7 |a DERECHO PENAL  |2 CL-VaPUC  |9 11 
650 0 |a Legítima defensa  |9 383135 
583 |a last modification  |c 20131129 12:18:07  |k Rodrigo Vera 
490 0 |a Estudios y Debates en Derecho Penal 
999 |c 353743  |d 353741 
952 |0 0  |1 0  |3 erb  |4 0  |6 345_050440000000000_PAW_2013  |7 0  |8 A  |9 459117  |a BIBDER  |b BIBDER  |d 2019-11-23  |i 502546K  |l 7  |o 345.05044 PAW 2013  |p 502546K  |q 2025-06-09  |r 2025-05-09  |s 2025-05-09  |w 2019-11-23  |y BK  |z Catalogado en:20131111  |k DER